000 00457nam a2200193Ia 4500
003 OSt
005 20250823095452.0
008 250729s1900 xx 000 0 und d
020 _a 978-8188836666
040 _cAL
041 _aeng
082 _a370 PRUE
100 _aPruthi R K
_9221977
245 _aEducation in modern india
260 _aNew Delhi
_bSonali Publication
300 _a293p
650 _aEducation
_9221978
942 _2ddc
_cBED
999 _c235250
_d235250